Dark Souls Trivia - Statistics

General Stats
  • This quiz has been taken 83 times
  • The average score is 11 of 15
Answer Stats
Question Answer % Correct
Which NPC murders the Firelink Shrine keeper? Lautrec of Carim
98%
Basilisks can be found in the Depths in large numbers. What hated status condition can they cause? Curse
93%
The Artorias of the Abyss DLC has some great items, but very little consequences when you return to the present. What does change when you return? You get a different cutscene when you fight Sif if you saved him
91%
What do you use to increase the healing properties of your estus flask in the original Dark Souls? Fire Keeper Souls
89%
What weapon can be attained from beating Seath the Scaleless? Moonlight Greatsword
84%
Many players kill the Undead Male Merchant in the Undead Burg. Why do they do this? He drops the Uchigatana
82%
What optional area is hidden in Blighttown? Great Hollow
80%
Where can the player find the Peculiar Doll, which allows entry into the Painted World of Ariamis Undead Asylum
80%
What does Siegmeyer of Catarina give you for helping him with the Silver Knights in Anor Londo? Emit Force
78%
What NPC can give the player items by dropping something and reloading the game, in a trading sequence? Snuggly the Crow
76%
Which of these covenants is NOT an invasion covenant? Princess Guard
73%
How can the Player save Solaire of Astora from his fate of madness at the hands of the Sunlight Maggot in Demon Ruins? All of the Above
58%
Which weapon requires the most Strength to wield one-handed in the game? Smough's Hammer
56%
What is notable about the Crest Shield that causes it to see widespread use amongst many players? It has very high magic resistance
33%
How many different Titanite upgrade materials are there in the game? 14
22%
No matching quizzes found
Score Distribution
Percent of People with Each Score
Percentile by Number Answered
Your Score History
You have not taken this quiz